| 000 | 00426nam a2200121Ia 4500 | ||
|---|---|---|---|
| 008 | 220615s9999||||xx |||||||||||||| ||und|| | ||
| 245 | 0 |
_aAgents of Transculturation _bBorder-Crossers, Mediators, Go-Betweens |
|
| 546 | _aEnglish[eng] | ||
| 650 | _aSocial Science||Sociology | ||
| 700 | _aJobs, Sebastian||Mackenthun, Gesa | ||
| 856 | _uhttps://library.oapen.org/bitstream/20.500.12657/54139/1/external_content.pdf | ||
| 942 | _cEB | ||
| 999 |
_c10970 _d10970 |
||